01136 a2200181 45000010006000000050017000060080041000230030015000640400040000790800035001192450040001540200018001942640034002123000026002465050652002720410008009241000022009324010920260407155656.0260407a1985 arg spa dAR-UNSa-BCEJYS aAR-UNSa-BCEJYSbspacAR-UNSa-BCEJYS a347.72xSociedades comerciales10aSociedades y grupos multinacionales a950-14-0259-2 1aBuenos Aires :bDepalmac1985 axxiii, 336 p.c23 cm. a1. Introducción – 2. Estrategia empresaria y estructura jurídica – 3. Constitución de las sociedades comerciales – 4. Funcionamiento – 5. Fiscalización administrativa – 6. Grupos societarios – 7. Perspectivas de sociedades comunitarias en América Latina – 8. Disolución y liquidación – 9. Jurisdicción internacional sobre sociedades constituidas en el extranjero – 10. Recomendaciones de la asociación argentina de derecho internacional – 11. Contratos internacionales de colaboración empresaria – 12. Consorcio y cooperativas de exportación – 13. Compañías de comercialización internacional.  aspa1 aBoggiano, Antonio